Locuzioni latine - Quiz n°6 - Statistics

Statistiche generali
  • Questo quiz è stato fatto 35 volte
  • Il punteggio medio è 10 su 10
Statistiche sulle risposte
Hint Risposta % Corretto
Damnatio memoriae Condanna della memoria
100%
Est modus in rebus Esiste una misura nelle cose
100%
Senatus Populusque Romanus Il Senato e il Popolo Romano
100%
Verba volant, scripta manent Le parole volano, gli scritti rimangono
100%
Humus Terra
100%
Urbi et Orbi A Roma e al mondo
97%
Alea iacta est Il dado è tratto
97%
Frangar, non flectar Mi spezzerò, ma non mi piegherò
97%
Rigor mortis Rigidità della morte
97%
Pecunia non olet Il denaro non ha odore
94%
Nessun quiz corrispondente trovato
Distribuzione punteggi
Percentuale di utenti per punteggio
Percentile per numero di risposta
I tuoi punteggi nel tempo
Non hai fatto questo quiz